|
|
|
|
| LEADER |
00000nab a2200000 a 4500 |
| 001 |
vtls000868143 |
| 003 |
SK-MaSNL |
| 005 |
20260302161606.0 |
| 008 |
040806c2004 xo 0 slo |
| 015 |
|
|
|a SNBRB2004/04-10565
|
| 035 |
|
|
|a CLN000219695
|
| 040 |
|
|
|a SNKBUCL
|b slo
|c SNKBUCL
|e AACR2
|
| 041 |
0 |
|
|a slo
|
| 044 |
|
|
|a xo
|c SK
|
| 080 |
|
|
|a 728.22(437.6)
|2 UDC-MRF-SK2
|
| 100 |
1 |
|
|a Eristavi, Irakli,
|d 1969-
|4 aut
|9 859739
|
| 245 |
1 |
0 |
|a Cmyk-Prešov, výstavba 190 nájomných bytov
|c Irakli Eristavi
|
| 300 |
|
|
|b Fotogr., obr.
|
| 500 |
|
|
|a Architekti: Irakli Eristavi
|
| 650 |
0 |
7 |
|a domy bytové
|z Prešov (Slovensko)
|x výstavba
|2 snkbucl
|9 859740
|
| 650 |
0 |
7 |
|a nájomné domy
|2 snkbucl
|9 30325
|
| 651 |
|
7 |
|a Prešov (Slovensko)
|2 snkbucl
|9 17347
|
| 655 |
|
7 |
|a články z novín a časopisov
|2 snkbucl
|9 267496
|
| 773 |
0 |
|
|x 1335-3268
|t ARCH
|g Roč. 9, č. 3 (2004), s. 34-35
|
| 850 |
|
|
|a Slovenská národná knižnica v Martine
|
| 852 |
|
|
|a SNK
|b KIS3GCP
|
| 999 |
|
|
|c 1377836
|d 1379766
|